00326nam a2200133Ia 4500008004100000020001500041041001200056082001600068100001700084245003200101260003700133300000800170650001400178221030s9999 xx 000 0 und d a8178083078 aEnglish a105.23bSta aW. Stallings 0aNetwork Security Essentials bPearson EducationaDelhic2001 a366 aComputers